000 00835nas a2200277 4500
001 BR2012006434
003 BR-BrBNA
005 20231205121042.0
007 ta
008 230509b bl.|||p| |||| 00| 00por d
040 _aBR-BrBNA
_bpor
_cBiblioteca Nacional de Agricultura
041 _a(Pt)
072 _aK10
100 1 _aAzevedo, C.P. de
100 1 _aSilva, J.N.M.
100 1 _aSouza, C.R. de
100 1 _aSanquetta, C.R.
245 1 _aEficiência de tratamentos silviculturais por anelamento na floresta do Jari, Amapá
650 _aESPÉCIE NATIVA
650 _aSILVICULTURA
650 _aEXPLORAÇÃO FLORESTAL
650 _aAMAZÔNIA
773 0 _tFloresta (Brazil)
_xISSN 0015-3826
_g(Apr-Jun 2012), v. 42(2) p. 315-324
_wBR2012006434
909 _a202311
_bLúcia
_c55
_dLúcia Elande
942 _2AGRIS
_n0
_cANA
999 _c221617
_d221617